Home information packs still undecided (Record no. 118269)

MARC details
000 -LEADER
fixed length control field 01257cam a2200217 4500
001 - CONTROL NUMBER
control field WB@3612-863
008 - FIXED-LENGTH DATA ELEMENTS--GENERAL INFORMATION
fixed length control field 041104n2004 000 0 eng u
035 ## - SYSTEM CONTROL NUMBER
System control number (Sirsi) u127900
245 ## - TITLE STATEMENT
Title Home information packs still undecided
260 ## - PUBLICATION, DISTRIBUTION, ETC.
Date of publication, distribution, etc. 2004
490 ## - SERIES STATEMENT
Series statement ODPM News Release
Volume/sequential designation (260) 3 November 2004 (2)
520 ## - SUMMARY, ETC.
Summary, etc. Mandatory Home Information Packs (HIPs) are still on course to be introduced by the government from January 2007. They will be reintroduced to the Housing Bill again in the Commons despite the House of Lords voting to make the packs voluntary. The home buying and selling process is fraught with serious problems and is in urgent need of reform. Government wants HIPs to be compulsory, to be implemented throughout England and Wales, following a six-month dry run and with the requirement that all estate agents marketing homes with HIPs to belong to an approved redress scheme. http://www.odpm.gov.uk/pns/displaypn.cgi?pn_id=200 4_0260
590 ## - LOCAL NOTE (RLIN)
Local note WB
590 ## - LOCAL NOTE (RLIN)
Local note WB
650 ## - SUBJECT ADDED ENTRY--TOPICAL TERM
Topical term or geographic name entry element RESIDENTIAL PROPERTY
9 (RLIN) 6266
650 ## - SUBJECT ADDED ENTRY--TOPICAL TERM
Topical term or geographic name entry element HOME INFORMATION PACKS
650 ## - SUBJECT ADDED ENTRY--TOPICAL TERM
Topical term or geographic name entry element PURCHASERS' INFORMATION PACKS
650 ## - SUBJECT ADDED ENTRY--TOPICAL TERM
Topical term or geographic name entry element PROPERTY MARKETING
690 ## - LOCAL SUBJECT ADDED ENTRY--TOPICAL TERM (OCLC, RLIN)
Topical term or geographic name as entry element VALUATION AND INVESTMENT APPRAISAL-HOMEBUYER SURVEY AND VALUATION
942 ## - ADDED ENTRY ELEMENTS (KOHA)
Suppress in OPAC 0
Holdings
Withdrawn status Lost status Source of classification or shelving scheme Damaged status Not for loan Home library Current library Shelving location Date acquired Total Checkouts Full call number Barcode Date last seen Copy number Price effective from Koha item type
    Dewey Decimal Classification     London London News article 04/11/2004   WB4042-15 127900-1001 06/08/2019 1 06/08/2019 News article